Statystyki dla Zgdanij piłki i flagi państw Euro 2024

Kliknij tutaj aby rozwiązać quiz!

Ogólne statystyki

  • Ten quiz został rozwiązany 37 razy
  • Średni wynik to 23 z 24

Statystyki odpowiedzi

Odpowiedź% Poprawnych
Albania
100%
Hiszpania
100%
Niemcy
100%
Szkocja
100%
Chorwacja
97%
Anglia
94%
Austria
94%
Belgia
94%
Czechy
94%
Francja
94%
Polska
94%
Portugalia
94%
Rumunia
94%
Słowacja
94%
Szwajcaria
94%
Turcja
94%
Ukraina
94%
Włochy
94%
Dania
92%
Holandia
92%
Serbia
92%
Słowenia
92%
Węgry
92%
Gruzja
89%

Rozkład punktacji

Percentyl według liczby udzielonych odpowiedzi

Procent ludzi z każdym wynikiem

Twoja historia wyników

Nie rozwiązałeś tego quizu